[Event "BL 8889 Kreuzberg-Sindelfingen"]
[Site "?"]
[Date "1989.??.??"]
[Round "?.7"]
[White "Braun, M."]
[Black "Konieczka, F."]
[Result "1-0"]
[WhiteElo "2325"]
[BlackElo "2225"]
[PlyCount "81"]
[EventDate "1989.??.??"]

1. e4 c5 2. Nf3 g6 3. c3 Bg7 4. d4 cxd4 5. cxd4 d5 6. e5 Nc6 7. Nc3 f6 8. Qb3
fxe5 9. Nxe5 Nxe5 10. dxe5 e6 11. Bb5+ Bd7 12. Bg5 Qc7 13. O-O h6 14. Bh4 g5
15. Rac1 Bc6 16. Bg3 Ne7 17. Bxc6+ bxc6 18. Nb5 Qb6 19. Nd6+ Kd7 20. Qa3 Rhb8
21. Rc2 Qb4 22. Qd3 Rg8 23. f4 gxf4 24. Rxf4 Qb6+ 25. Bf2 Qc7 26. Bd4 Raf8 27.
Rxf8 Rxf8 28. Qg3 Bh8 29. b4 a6 30. Rf2 Qb8 31. Rxf8 Qxf8 32. Qd3 Qf4 33. g3
Qc1+ 34. Kg2 Qe1 35. Qxa6 Qd2+ 36. Kh3 Qxd4 37. Qb7+ Kd8 38. Qb8+ Kd7 39. Qe8+
Kc7 40. Qxe7+ Kb6 41. Qb7# 1-0

[Event "BL 8889 HSK-Bochum"]
[Site "?"]
[Date "1989.??.??"]
[Round "?.2"]
[White "Wahls, M."]
[Black "Thesing, M."]
[Result "1-0"]
[WhiteElo "2460"]
[BlackElo "2345"]
[PlyCount "121"]
[EventDate "1989.??.??"]

1. e4 e6 2. d4 d5 3. Nd2 c5 4. exd5 Qxd5 5. Ngf3 cxd4 6. Bc4 Qd6 7. O-O Nf6 8.
Nb3 Nc6 9. Nfxd4 Nxd4 10. Qxd4 Qxd4 11. Nxd4 Bd7 12. Bf4 Rc8 13. Be2 Nd5 14.
Bg3 Bc5 15. Nb3 Bb6 16. c4 Ne7 17. Bd6 Nf5 18. Ba3 Nd4 19. Nxd4 Bxd4 20. Rfd1
Bf6 21. Rd2 Be7 22. Bxe7 Kxe7 23. Rad1 Rhd8 24. f4 Bc6 25. Rxd8 Rxd8 26. Rxd8
Kxd8 27. c5 Kc7 28. Kf2 Bd5 29. a3 a5 30. b4 axb4 31. axb4 Kc6 32. g3 f6 33.
Ke3 e5 34. fxe5 fxe5 35. Kd3 b6 36. cxb6 Kxb6 37. Ke3 Bc6 38. Bc4 h6 39. Kd3
Bg2 40. Kc3 Bf3 41. Bf7 Bg2 42. Bc4 Bf3 43. Kd2 Bg2 44. Ke3 Bb7 45. Be2 Bc6 46.
Bf3 Bd7 47. Bd5 Bf5 48. Bc4 Bg6 49. Be2 Bh7 50. h4 Kc6 51. Bc4 Bg6 52. g4 Kd6
53. h5 Be8 54. Bd3 Bc6 55. Be2 Be8 56. Ke4 g6 57. g5 gxh5 58. gxh6 Ke6 59. b5
Kf6 60. b6 Bc6+ 61. Ke3 1-0

[Event "BL 8889 HSK-Bochum"]
[Site "?"]
[Date "1989.??.??"]
[Round "?.4"]
[White "Maus, So"]
[Black "Beckemeyer, W."]
[Result "0-1"]
[WhiteElo "2400"]
[BlackElo "2380"]
[PlyCount "76"]
[EventDate "1989.??.??"]

1. c4 Nf6 2. g3 c6 3. b3 g6 4. Bb2 Bg7 5. Bg2 O-O 6. Nf3 d5 7. O-O a5 8. Nc3
Ne4 9. Na4 Bxb2 10. Nxb2 b5 11. d3 Nc3 12. Qd2 b4 13. Nd1 Nxd1 14. Rfxd1 Nd7
15. e4 e6 16. Qh6 Re8 17. Re1 Bb7 18. Rac1 a4 19. h4 axb3 20. axb3 Ra2 21. h5
Qf6 22. d4 dxe4 23. Rxe4 c5 24. Rf4 Qg7 25. Qxg7+ Kxg7 26. h6+ Kg8 27. Ng5 f6
28. Bxb7 fxg5 29. Rg4 cxd4 30. Rxg5 d3 31. Rd1 d2 32. Bc6 Rd8 33. Rb5 Nb8 34.
Bb7 Nd7 35. c5 Rc2 36. c6 Rc1 37. Kh2 Rxd1 38. c7 Rf8 0-1

[Event "BL 8889 HSK-Bochum"]
[Site "?"]
[Date "1989.??.??"]
[Round "?.5"]
[White "Vatter, H."]
[Black "Wegner, H."]
[Result "0-1"]
[WhiteElo "2335"]
[BlackElo "2290"]
[PlyCount "96"]
[EventDate "1989.??.??"]

1. e4 e5 2. Nf3 Nc6 3. Bb5 a6 4. Ba4 Nf6 5. Qe2 b5 6. Bb3 Be7 7. O-O O-O 8. a4
Bb7 9. axb5 axb5 10. Rxa8 Qxa8 11. Nc3 Na5 12. Nxe5 Nxb3 13. cxb3 b4 14. Nd1
Bxe4 15. f3 Bc5+ 16. Kh1 Bb7 17. Ne3 Re8 18. f4 Ba6 19. d3 d6 20. N5c4 Nd5 21.
Qf3 Nxe3 22. Qxa8 Rxa8 23. Nxe3 Bxd3 24. Re1 Be4 25. h3 f5 26. Nc4 Ra1 27. Kh2
Kf7 28. Kg3 Bd5 29. Bd2 Rxe1 30. Bxe1 Be4 31. Bf2 Bxf2+ 32. Kxf2 Bc2 33. Ne3
Bxb3 34. Nxf5 Be6 35. Nd4 c5 36. Nf3 Bd5 37. Nd2 Ke6 38. g4 Bc6 39. Ke3 d5 40.
f5+ Kd6 41. Kf4 Be8 42. g5 Bh5 43. h4 c4 44. Nf1 c3 45. bxc3 bxc3 46. Ke3 Ke5
47. Ng3 d4+ 48. Kd3 Bg4 0-1

[Event "BL 8889 HSK-Bochum"]
[Site "?"]
[Date "1989.??.??"]
[Round "?.6"]
[White "Michaelsen, N."]
[Black "Backwinkel, P."]
[Result "0-1"]
[WhiteElo "2380"]
[BlackElo "2315"]
[PlyCount "94"]
[EventDate "1989.??.??"]

1. d4 d5 2. c4 e6 3. Nf3 c6 4. e3 f5 5. Bd3 Nf6 6. O-O Bd6 7. b3 Qe7 8. Bb2 Bd7
9. Qc1 O-O 10. Ba3 Be8 11. Bxd6 Qxd6 12. Qa3 Qxa3 13. Nxa3 Bh5 14. Rfc1 Bxf3
15. gxf3 Na6 16. Nb1 Nb4 17. Be2 dxc4 18. Bxc4 Kf7 19. Nd2 Rfd8 20. f4 Ke7 21.
Nf3 Nbd5 22. b4 Nb6 23. Bd3 Nfd5 24. Rab1 a6 25. a3 Rg8 26. Kf1 Nc8 27. Rc2 Nd6
28. h4 a5 29. Rb3 axb4 30. axb4 Ra1+ 31. Ke2 Rga8 32. b5 cxb5 33. Bxb5 R8a2 34.
Bd3 Rxc2+ 35. Bxc2 Ra2 36. Kd1 Kd7 37. Ne5+ Kc7 38. Kc1 b5 39. Nd3 Nc4 40. Bb1
Ra5 41. Nc5 b4 42. Nxe6+ Kb6 43. Bxf5 Ra1+ 44. Rb1 b3 45. Nc5 b2+ 46. Kc2 Rxb1
47. Na4+ Ka5 0-1

[Event "BL 8889 Delmenhorst-Porz"]
[Site "?"]
[Date "1989.??.??"]
[Round "?.1"]
[White "Hort, V."]
[Black "Reeh, O."]
[Result "1-0"]
[WhiteElo "2595"]
[BlackElo "2460"]
[PlyCount "99"]
[EventDate "1989.??.??"]

1. e4 g6 2. d4 Bg7 3. c3 d6 4. f4 Nf6 5. Bd3 O-O 6. Nf3 c5 7. Be3 cxd4 8. cxd4
Bg4 9. Nc3 Nfd7 10. Be2 Nc6 11. d5 Nb4 12. O-O a5 13. h3 Bxf3 14. Rxf3 Na6 15.
Bb5 Nac5 16. Bd4 Bxd4+ 17. Qxd4 Qb6 18. Rd1 f6 19. Kh1 a4 20. Bxd7 Nxd7 21.
Nxa4 Qb5 22. b3 Rfc8 23. Nc3 Qc5 24. Qxc5 Rxc5 25. a4 Rac8 26. Rdd3 f5 27. exf5
gxf5 28. g4 Nf6 29. gxf5 Kf7 30. Kg2 h6 31. Kf1 Nh5 32. Ke2 Ng7 33. f6 exf6 34.
Ne4 Rc2+ 35. Rd2 Nf5 36. Rxc2 Rxc2+ 37. Kd3 Rc1 38. Kd2 Rh1 39. a5 Ra1 40. b4
Ra2+ 41. Kd3 Ke7 42. Kc4 h5 43. Ng3 Ng7 44. f5 Rh2 45. Nf1 Ra2 46. Kb5 Rb2 47.
Rf4 Kd7 48. Kb6 Kc8 49. Rc4+ Kb8 50. Re4 1-0

[Event "BL 8889 Delmenhorst-Porz"]
[Site "?"]
[Date "1989.??.??"]
[Round "?.3"]
[White "Fedorowicz, J."]
[Black "Hermann, Man"]
[Result "1/2-1/2"]
[WhiteElo "2520"]
[BlackElo "2365"]
[PlyCount "66"]
[EventDate "1989.??.??"]

1. d4 d5 2. c4 c6 3. Nc3 Nf6 4. Nf3 dxc4 5. e4 b5 6. e5 Nd5 7. a4 e6 8. axb5
Nxc3 9. bxc3 cxb5 10. Ng5 Bb7 11. Qg4 Bd5 12. Be2 Nc6 13. O-O a5 14. Bd1 a4 15.
Bc2 Qa5 16. Bd2 h6 17. Nh3 h5 18. Qf4 Be7 19. Rfe1 a3 20. Qg3 b4 21. cxb4 Bxb4
22. Qxg7 O-O-O 23. Bxb4 Nxb4 24. Bh7 Nc2 25. Bxc2 Rhg8 26. Qf6 Rxg2+ 27. Kf1
Rxh2 28. Ng5 Qc3 29. Bh7 Rh1+ 30. Ke2 Qb2+ 31. Ke3 Qc3+ 32. Ke2 Qb2+ 33. Ke3
Qc3+ 1/2-1/2

[Event "BL 8889 Delmenhorst-Porz"]
[Site "?"]
[Date "1989.??.??"]
[Round "?.4"]
[White "Borik, O."]
[Black "Schoen, W."]
[Result "1-0"]
[WhiteElo "2350"]
[BlackElo "2430"]
[PlyCount "77"]
[EventDate "1989.??.??"]

1. g3 d5 2. Bg2 Nf6 3. Nf3 c5 4. O-O Nc6 5. d3 e5 6. Nbd2 Be7 7. e4 d4 8. Nc4
Qc7 9. a4 O-O 10. b3 Be6 11. Ng5 Bg4 12. f3 Bh5 13. Nh3 Nd7 14. g4 Bg6 15. f4
exf4 16. Bxf4 Qd8 17. Bg3 Nb6 18. Nxb6 axb6 19. Nf4 Bd6 20. h4 Bxf4 21. Rxf4 f6
22. Qd2 b5 23. Rb1 bxa4 24. bxa4 Nb4 25. h5 Bf7 26. h6 Bg6 27. hxg7 Kxg7 28. e5
fxe5 29. Rxf8 Kxf8 30. Bxe5 Rxa4 31. Qh6+ Ke8 32. Re1 Kd7 33. Bxb7 Qg8 34. Bg3
Ra7 35. Qf4 Rxb7 36. Qd6+ Kc8 37. Qxc5+ Kd8 38. Bh4+ Kd7 39. Re7+ 1-0

[Event "BL 8889 Delmenhorst-Porz"]
[Site "?"]
[Date "1989.??.??"]
[Round "?.5"]
[White "Fleck, J."]
[Black "Wesseln, K."]
[Result "1-0"]
[WhiteElo "2415"]
[BlackElo "2350"]
[PlyCount "121"]
[EventDate "1989.??.??"]

1. e4 c5 2. Nf3 Nc6 3. d4 cxd4 4. Nxd4 g6 5. c4 Bg7 6. Be3 Nf6 7. Nc3 O-O 8.
Be2 d6 9. O-O Bd7 10. Nc2 Ne8 11. Qd2 f5 12. exf5 Bxf5 13. Nd4 Nf6 14. Rad1 Qa5
15. h3 Rac8 16. b3 Ne4 17. Nxe4 Qxd2 18. Rxd2 Bxe4 19. Ne6 Rf6 20. Nxg7 Kxg7
21. f3 Bf5 22. g4 Bd7 23. c5 Re6 24. Kf2 Rf8 25. cxd6 exd6 26. Bc4 Ref6 27. Kg3
Ne5 28. Be2 h5 29. Bd4 Bc6 30. f4 h4+ 31. Kxh4 Rxf4 32. Rxf4 Rxf4 33. Kg3 Re4
34. Bxa7 Kf7 35. Bf1 Re1 36. Be2 Ke6 37. Bf2 Rh1 38. Be3 Be4 39. h4 d5 40. Bd4
Nc6 41. Be3 Ke5 42. Bf4+ Ke6 43. Rd1 Rxd1 44. Bxd1 d4 45. h5 gxh5 46. gxh5 d3
47. h6 Nd4 48. Kf2 Kd5 49. Ke3 b5 50. Bh5 Nc2+ 51. Kd2 Bh7 52. Be8 Nd4 53. Be3
Nf3+ 54. Kd1 Ke4 55. Bd2 Nd4 56. Bc3 Ne2 57. Bd2 Nd4 58. Bc3 Ne2 59. Bc6+ Kf5
60. Kd2 Nxc3 61. Kxc3 1-0

[Event "BL 8889 Delmenhorst-Porz"]
[Site "?"]
[Date "1989.??.??"]
[Round "?.6"]
[White "Schlemermeyer, W."]
[Black "Lutz, C."]
[Result "1-0"]
[WhiteElo "2265"]
[BlackElo "2380"]
[PlyCount "163"]
[EventDate "1989.??.??"]

1. d4 d5 2. c4 c6 3. Nc3 Nf6 4. e3 g6 5. Nf3 Bg7 6. Be2 O-O 7. O-O Qb6 8. a4 a5
9. b3 Bg4 10. Ba3 Re8 11. Rb1 e6 12. b4 axb4 13. Rxb4 Qa5 14. cxd5 exd5 15. Rb3
Nbd7 16. Qc2 Ne4 17. Bb4 Qd8 18. Ra1 c5 19. dxc5 Ndxc5 20. Rba3 Bxf3 21. Bxf3
Na6 22. Rb1 Nxb4 23. Rxb4 Nxc3 24. Rxc3 Bxc3 25. Qxc3 Rc8 26. Qb2 Rc4 27. g3
Rxb4 28. Qxb4 Qd7 29. Qd4 Rd8 30. Kg2 Qd6 31. h4 h5 32. Kg1 b6 33. Kg2 Qc5 34.
Qf6 Qd6 35. Qd4 Qc5 36. Qf6 Rd7 37. Qe5 Qd6 38. Qd4 Qc5 39. Qe5 Kh7 40. Bxh5
Qd6 41. Qxd6 Rxd6 42. Be2 Kg7 43. Bb5 d4 44. exd4 Rxd4 45. Kf3 f5 46. Ke3 Re4+
47. Kf3 Kf6 48. Bc6 Rb4 49. Bb5 Ke5 50. Be8 Rb3+ 51. Kg2 Ra3 52. Kh3 Ra2 53.
Kg2 Kf6 54. Kf3 Ra3+ 55. Kf4 Rb3 56. Bb5 Rb4+ 57. Kf3 Rd4 58. Ke3 Re4+ 59. Kf3
Ke7 60. Bc6 Rc4 61. Bb5 Rc2 62. Ke3 Kf6 63. Kf3 Rd2 64. Ke3 Ra2 65. Kf3 Ke5 66.
Be8 Ra3+ 67. Kg2 f4 68. g4 Kf6 69. g5+ Kg7 70. Bb5 Rc3 71. Be8 Ra3 72. Bc6 Kf7
73. Bd5+ Ke7 74. Bc6 Rd3 75. Be4 Rd4 76. Kf3 Rxa4 77. Bxg6 b5 78. h5 b4 79. h6
b3 80. h7 Ra8 81. Kxf4 Ke6 82. Kg4 1-0

[Event "BL 8889 Delmenhorst-Porz"]
[Site "?"]
[Date "1989.??.??"]
[Round "?.8"]
[White "Juhnke, K."]
[Black "Schulz, KJ."]
[Result "0-1"]
[WhiteElo "2320"]
[BlackElo "2360"]
[PlyCount "60"]
[EventDate "1989.??.??"]

1. d4 e6 2. c4 d5 3. Nc3 c6 4. e3 f5 5. f4 Nf6 6. Nf3 Bd6 7. Bd3 O-O 8. O-O Bd7
9. c5 Be7 10. Rb1 Be8 11. b4 Ne4 12. Qb3 Kh8 13. Bd2 Rg8 14. b5 Nxd2 15. Nxd2
g5 16. Nf3 Nd7 17. Ne5 gxf4 18. exf4 Nxe5 19. fxe5 b6 20. bxc6 bxc5 21. Qb7 Rc8
22. Qxa7 Bxc6 23. Ne2 c4 24. Bc2 Ra8 25. Qb6 Qxb6 26. Rxb6 Rxa2 27. Bd1 Rc8 28.
Nf4 c3 29. Bb3 Rb2 30. Nd3 Bd8 0-1

[Event "BL 8889 Bochum-Delmenhorst"]
[Site "?"]
[Date "1989.??.??"]
[Round "?.1"]
[White "Reeh, O."]
[Black "Graf, J."]
[Result "1/2-1/2"]
[WhiteElo "2460"]
[BlackElo "2405"]
[PlyCount "20"]
[EventDate "1989.??.??"]

1. d4 Nf6 2. c4 g6 3. Nc3 Bg7 4. e4 d6 5. f3 O-O 6. Be3 Nbd7 7. Bd3 c5 8. Nge2
cxd4 9. Nxd4 e6 10. O-O d5 1/2-1/2

[Event "BL 8889 Bochum-Delmenhorst"]
[Site "?"]
[Date "1989.??.??"]
[Round "?.3"]
[White "Hermann, Man"]
[Black "Sonntag, H."]
[Result "1/2-1/2"]
[WhiteElo "2365"]
[BlackElo "2380"]
[PlyCount "65"]
[EventDate "1989.??.??"]

1. e4 e5 2. Nf3 Nc6 3. d4 exd4 4. Nxd4 Nf6 5. Nxc6 bxc6 6. Bd3 d5 7. e5 Nd7 8.
O-O Nc5 9. c3 Nxd3 10. Qxd3 Be7 11. Qg3 g6 12. Bh6 Rb8 13. b4 c5 14. bxc5 Bxc5
15. Bg7 Rg8 16. Bf6 Be7 17. Nd2 Be6 18. Rab1 Rb6 19. Qh4 Bxf6 20. exf6 g5 21.
Qa4+ Kf8 22. Qa3+ Rd6 23. Qxa7 Qxf6 24. Qxc7 Rd8 25. f4 gxf4 26. Rxf4 Qe7 27.
Rb7 Qxc7 28. Rxc7 Rb8 29. Rb4 Kg7 30. Kf2 Rgc8 31. Rxc8 Rxc8 32. Nb1 d4 33.
Rxd4 1/2-1/2

[Event "BL 8889 Bochum-Delmenhorst"]
[Site "?"]
[Date "1989.??.??"]
[Round "?.4"]
[White "Beckemeyer, W."]
[Black "Borik, O."]
[Result "0-1"]
[WhiteElo "2380"]
[BlackElo "2350"]
[PlyCount "102"]
[EventDate "1989.??.??"]

1. Nf3 Nf6 2. g3 d5 3. Bg2 c5 4. O-O Nc6 5. d3 e5 6. Nbd2 Bd6 7. e4 d4 8. c3
O-O 9. Nc4 Bc7 10. a4 Be6 11. cxd4 cxd4 12. b3 a6 13. Ng5 Bg4 14. f3 Bh5 15.
Bd2 Ne8 16. b4 Nd6 17. Qb3 Qe7 18. f4 Nxc4 19. Qxc4 Bd6 20. Rab1 Rfc8 21. Qb3
b5 22. Nf3 Rab8 23. Bh3 exf4 24. Bxc8 Rxc8 25. gxf4 Qd7 26. Qd5 Bxf3 27. Rxf3
Ne7 28. Qg5 Rc2 29. f5 f6 30. Qg2 bxa4 31. Rf2 Nc6 32. e5 Nxe5 33. Qd5+ Kf8 34.
Qa8+ Qc8 35. Qd5 Qc6 36. Qxc6 Rxc6 37. Bf4 Nxd3 38. Bxd6+ Rxd6 39. Rd2 Ne5 40.
Kf2 d3 41. Rc1 Rd4 42. Rc8+ Ke7 43. Rc7+ Kd6 44. Ra7 Rxb4 45. Rxa6+ Kd5 46. Ra7
Rf4+ 47. Kg2 Rc4 48. Rd1 Ke4 49. Rxg7 Ke3 50. Rxh7 Ke2 51. Ra1 d2 0-1

[Event "BL 8889 Bochum-Delmenhorst"]
[Site "?"]
[Date "1989.??.??"]
[Round "?.5"]
[White "Wesseln, K."]
[Black "Vatter, H."]
[Result "0-1"]
[WhiteElo "2350"]
[BlackElo "2335"]
[PlyCount "123"]
[EventDate "1989.??.??"]

1. d4 Nf6 2. c4 g6 3. Nc3 Bg7 4. Nf3 O-O 5. e3 d6 6. Be2 c6 7. O-O a6 8. b4 b5
9. a4 bxc4 10. Bxc4 Nbd7 11. Qe2 c5 12. bxc5 dxc5 13. Rb1 cxd4 14. exd4 Nb6 15.
Bd3 Nbd5 16. Nxd5 Nxd5 17. Bd2 Bg4 18. h3 Bxf3 19. Qxf3 Bxd4 20. Be4 e6 21.
Rfd1 Qf6 22. Ba5 Rab8 23. Rxb8 Rxb8 24. Bxd5 exd5 25. Qxf6 Bxf6 26. Rxd5 Rb1+
27. Kh2 Ra1 28. Bd8 Bxd8 29. Rxd8+ Kg7 30. Rd4 Ra3 31. g3 a5 32. h4 Kf6 33. Kg2
Ke5 34. Rc4 Kd5 35. Rc7 Ke6 36. Rc6+ Kd7 37. Rc4 Kd6 38. g4 Rb3 39. Rd4+ Ke6
40. Re4+ Kd6 41. Rd4+ Ke5 42. Rc4 Rb4 43. Rc5+ Kf4 44. Rxa5 Kxg4 45. Ra7 Rf4
46. a5 Kxh4 47. a6 Kg5 48. Rb7 Kf6 49. a7 Ra4 50. Kg3 h6 51. f3 g5 52. Rb6+ Kg7
53. Rb7 Kg6 54. Rb6+ f6 55. Rb7 Ra3 56. Rc7 h5 57. Kg2 g4 58. fxg4 hxg4 59. Rb7
Kg5 60. Rc7 f5 61. Rb7 Ra2+ 62. Kf1 0-1

[Event "BL 8889 Bochum-Delmenhorst"]
[Site "?"]
[Date "1989.??.??"]
[Round "?.6"]
[White "Backwinkel, P."]
[Black "Schlemermeyer, W."]
[Result "1/2-1/2"]
[WhiteElo "2315"]
[BlackElo "2265"]
[PlyCount "85"]
[EventDate "1989.??.??"]

1. d4 Nf6 2. c3 g6 3. Bg5 Bg7 4. Nd2 d5 5. e3 O-O 6. Bd3 b6 7. Qe2 Bb7 8. e4
dxe4 9. Nxe4 Nbd7 10. Nf3 c5 11. O-O Re8 12. Rad1 cxd4 13. Nxd4 a6 14. Rfe1 Qc7
15. Nxf6+ Nxf6 16. Nf3 Nd7 17. Be4 Bxe4 18. Qxe4 Nc5 19. Qh4 Ne6 20. Be3 Rad8
21. h3 b5 22. Ng5 Nxg5 23. Bxg5 f6 24. Be3 Rxd1 25. Rxd1 Rd8 26. Rxd8+ Qxd8 27.
Qe4 Qd1+ 28. Kh2 Qd6+ 29. g3 Kf7 30. Kg2 Qe6 31. Qxe6+ Kxe6 32. Kf3 Kd5 33. Ke2
e5 34. Kd3 e4+ 35. Kc2 f5 36. Kb3 Bf8 37. a4 h6 38. axb5 axb5 39. h4 Bc5 40.
Kc2 g5 41. hxg5 hxg5 42. Bxc5 Kxc5 43. b3 1/2-1/2

[Event "BL 8889 Bochum-Delmenhorst"]
[Site "?"]
[Date "1989.??.??"]
[Round "?.7"]
[White "Meyer, H."]
[Black "Ueter, H."]
[Result "1/2-1/2"]
[WhiteElo "2330"]
[BlackElo "2275"]
[PlyCount "58"]
[EventDate "1989.??.??"]

1. d4 Nf6 2. Nf3 c5 3. e3 g6 4. c4 Bg7 5. Nc3 O-O 6. Be2 cxd4 7. exd4 d5 8. O-O
Nc6 9. Re1 dxc4 10. Bxc4 a6 11. a3 b5 12. Ba2 Bb7 13. Bg5 h6 14. Be3 e6 15. Qd2
Ne7 16. Ne5 Nf5 17. Rac1 Rc8 18. Bb1 Nxe3 19. fxe3 Nd7 20. Nxd7 Qxd7 21. Rcd1
Rfd8 22. Qf2 Qe7 23. Rf1 Rc7 24. h4 h5 25. Qg3 Rcd7 26. Rd2 Qd6 27. Qg5 Qe7 28.
Qg3 Qd6 29. Qg5 Qe7 1/2-1/2

[Event "BL 8889 Porz-HSK"]
[Site "?"]
[Date "1989.??.??"]
[Round "?.1"]
[White "Chandler, M."]
[Black "Hort, V."]
[Result "1/2-1/2"]
[WhiteElo "2605"]
[BlackElo "2595"]
[PlyCount "49"]
[EventDate "1989.??.??"]

1. e4 e5 2. Nf3 Nf6 3. Nxe5 d6 4. Nf3 Nxe4 5. d4 d5 6. Bd3 Bg4 7. O-O Nc6 8. c4
Nf6 9. Nc3 Be7 10. cxd5 Nxd5 11. Be4 Nf6 12. Bxc6+ bxc6 13. h3 Bxf3 14. Qxf3
Qd7 15. Bf4 O-O 16. Be5 Rab8 17. b3 Ne8 18. Rfd1 f6 19. Bg3 Ba3 20. d5 c5 21.
Ne4 Nd6 22. Bxd6 cxd6 23. Rab1 Bb4 24. Qg3 Rfd8 25. Rbc1 1/2-1/2

[Event "BL 8889 Porz-HSK"]
[Site "?"]
[Date "1989.??.??"]
[Round "?.2"]
[White "Christiansen, L."]
[Black "Wahls, M."]
[Result "1-0"]
[WhiteElo "2550"]
[BlackElo "2460"]
[PlyCount "101"]
[EventDate "1989.??.??"]

1. d4 Nf6 2. c4 e6 3. Nc3 Bb4 4. e3 b6 5. Nge2 Ba6 6. Ng3 O-O 7. Bd3 Nc6 8. O-O
Na5 9. Qc2 d5 10. cxd5 Bxd3 11. Qxd3 exd5 12. a3 Bxc3 13. Qxc3 Re8 14. Bd2 h5
15. f3 Rc8 16. Rae1 c5 17. dxc5 Rxc5 18. Qd3 Nc4 19. Bc3 Rc6 20. Nf5 Qc8 21. e4
Rce6 22. Bxf6 Rxf6 23. Qxd5 g6 24. Rc1 gxf5 25. Rxc4 Qe6 26. Rd1 Qxd5 27. exd5
Rd8 28. Kf2 f4 29. Re4 Rf5 30. d6 Kf8 31. h4 Rf6 32. d7 Rc6 33. Rd5 Rc7 34.
Red4 Rc2+ 35. Rd2 Rxd2+ 36. Rxd2 Ke7 37. g4 fxg3+ 38. Kxg3 Rg8+ 39. Kf4 Kd8 40.
b4 Rg1 41. Kf5 a5 42. bxa5 bxa5 43. Kf6 Rb1 44. Kxf7 Rb3 45. f4 Rxa3 46. Kg6
Rf3 47. Rd4 a4 48. Rxa4 Kxd7 49. Re4 Rg3+ 50. Kxh5 Rg8 51. f5 1-0

[Event "BL 8889 Porz-HSK"]
[Site "?"]
[Date "1989.??.??"]
[Round "?.3"]
[White "Stein, B."]
[Black "Fedorowicz, J."]
[Result "1/2-1/2"]
[WhiteElo "2380"]
[BlackElo "2520"]
[PlyCount "126"]
[EventDate "1989.??.??"]

1. e4 c5 2. c3 e6 3. d4 d5 4. exd5 Qxd5 5. Nf3 Nf6 6. Be2 cxd4 7. Qxd4 Nc6 8.
Qxd5 Nxd5 9. O-O Be7 10. c4 Ndb4 11. Nc3 O-O 12. Bf4 f6 13. Rad1 e5 14. Bc1 Be6
15. a3 Nc2 16. Nd5 Bd8 17. Bd3 N2d4 18. Nxd4 Nxd4 19. f4 Re8 20. fxe5 fxe5 21.
Rde1 Bxd5 22. cxd5 Bf6 23. Bd2 Rac8 24. Bc3 Red8 25. Bxd4 exd4 26. Bf5 Rc5 27.
Rc1 Rxc1 28. Rxc1 Kf8 29. Be6 d3 30. Rd1 Bxb2 31. Rxd3 Ke7 32. Kf1 Be5 33. Re3
Kd6 34. Rf3 Bf6 35. Ke2 b5 36. Rf1 Rb8 37. Rb1 a5 38. Kd3 a4 39. Kc2 Rb7 40.
Rf1 Rc7+ 41. Kb1 Rc3 42. Rf3 Rc4 43. Bf5 Rh4 44. h3 h5 45. g4 hxg4 46. Bxg4 Rh8
47. Rd3 Re8 48. Be6 Rf8 49. Rf3 Rh8 50. Rf4 Rb8 51. Rf2 Be5 52. Rf7 Kc5 53. Rf5
Bd6 54. Rg5 b4 55. axb4+ Kxb4 56. Ka2 Kc3 57. Rg2 Rf8 58. Bd7 a3 59. Re2 Rf1
60. Bb5 Rh1 61. Bd7 Rd1 62. Be6 g5 63. Re3+ Rd3 1/2-1/2

[Event "BL 8889 Porz-HSK"]
[Site "?"]
[Date "1989.??.??"]
[Round "?.4"]
[White "Schoen, W."]
[Black "Maus, So"]
[Result "1-0"]
[WhiteElo "2430"]
[BlackElo "2400"]
[PlyCount "65"]
[EventDate "1989.??.??"]

1. d4 Nf6 2. c4 c5 3. d5 e6 4. Nc3 exd5 5. cxd5 d6 6. e4 g6 7. f4 Bg7 8. Nf3
O-O 9. Be2 Bg4 10. e5 dxe5 11. fxe5 Nfd7 12. Bg5 Qb6 13. O-O Bxf3 14. Bxf3 Qxb2
15. Bd2 Nxe5 16. Rb1 Qa3 17. Rxb7 Nbd7 18. d6 c4 19. Rxd7 Nxd7 20. Bxa8 Rxa8
21. Nd5 Qd3 22. Be3 Ne5 23. Bg5 Rb8 24. Nf6+ Bxf6 25. Bxf6 Nd7 26. Bd4 Qxd1 27.
Rxd1 a5 28. Bc3 a4 29. Re1 Nc5 30. Re7 Kf8 31. h3 Rb7 32. Rc7 Ke8 33. d7+ 1-0

[Event "BL 8889 Bamberg-Solingen"]
[Site "?"]
[Date "1989.??.??"]
[Round "?.2"]
[White "Pfleger, He"]
[Black "Lobron, E."]
[Result "0-1"]
[WhiteElo "2490"]
[BlackElo "2530"]
[PlyCount "56"]
[EventDate "1989.??.??"]

1. d4 e6 2. c4 c5 3. e3 Nf6 4. Nf3 d5 5. Nc3 a6 6. dxc5 Bxc5 7. a3 O-O 8. b4
Ba7 9. Bb2 Qe7 10. cxd5 Rd8 11. Be2 exd5 12. O-O Nc6 13. Na4 Ne4 14. Nd4 Rd6
15. Rc1 Rh6 16. Bg4 Qd6 17. g3 Qg6 18. Bxc8 Rxc8 19. Nxc6 bxc6 20. Qxd5 Qg4 21.
Qe5 f6 22. Qf4 Qh3 23. Rfd1 Re8 24. Nc5 Qxh2+ 25. Kf1 Bxc5 26. bxc5 Rg6 27. Bd4
Rxg3 28. Ke2 Nxf2 0-1

[Event "BL 8889 Bamberg-Solingen"]
[Site "?"]
[Date "1989.??.??"]
[Round "?.3"]
[White "Lau, R."]
[Black "Goehring, K."]
[Result "1-0"]
[WhiteElo "2495"]
[BlackElo "2335"]
[PlyCount "101"]
[EventDate "1989.??.??"]

1. e4 c5 2. Nf3 Nc6 3. d4 cxd4 4. Nxd4 Nf6 5. Nc3 d6 6. Bg5 e6 7. Qd2 a6 8.
O-O-O Bd7 9. f4 h6 10. Bh4 Nxe4 11. Qe1 Nf6 12. Nf5 Qa5 13. Nxd6+ Bxd6 14. Rxd6
O-O-O 15. Rd2 Kb8 16. Bc4 Qc7 17. f5 Bc8 18. fxe6 fxe6 19. Bxe6 Rxd2 20. Qxd2
Bxe6 21. Bg3 Ne5 22. Re1 Nfd7 23. Qd4 Rd8 24. Bxe5 Nxe5 25. Qxe5 Qxe5 26. Rxe5
Rd6 27. Ne4 Rc6 28. b3 Kc7 29. Kd2 b6 30. c4 Bd7 31. Ke3 Rg6 32. g3 Bc6 33. b4
Bxe4 34. Rxe4 Kc6 35. Re5 Rg4 36. Re6+ Kc7 37. Re4 Rg5 38. Kd4 Kd6 39. a4 h5
40. c5+ bxc5+ 41. bxc5+ Kc6 42. Re6+ Kb7 43. a5 Kc7 44. Re5 Rg4+ 45. Kd5 h4 46.
Re7+ Kc8 47. Re4 Rg5+ 48. Re5 Rg4 49. Kd6 Rg6+ 50. Re6 hxg3 51. hxg3 1-0

[Event "BL 8889 Bamberg-Solingen"]
[Site "?"]
[Date "1989.??.??"]
[Round "?.5"]
[White "Schneider, B1."]
[Black "Meister, P."]
[Result "1-0"]
[WhiteElo "2365"]
[BlackElo "2325"]
[PlyCount "43"]
[EventDate "1989.??.??"]

1. c4 e6 2. Nc3 f5 3. Nf3 Nf6 4. d3 d5 5. cxd5 exd5 6. e3 c6 7. Be2 g6 8. O-O
Bg7 9. Rb1 O-O 10. b4 Kh8 11. a4 Be6 12. Ba3 Nbd7 13. a5 Bg8 14. Qd2 Re8 15.
Nd4 Rc8 16. Rfc1 a6 17. Na4 h5 18. h3 Nh7 19. Bb2 Qe7 20. Bxh5 Ne5 21. Bxg6 Rf8
22. Bxf5 1-0

[Event "BL 8889 Bamberg-Solingen"]
[Site "?"]
[Date "1989.??.??"]
[Round "?.6"]
[White "Ruehrig, V."]
[Black "Kraut, R."]
[Result "0-1"]
[WhiteElo "2330"]
[BlackElo "2390"]
[PlyCount "132"]
[EventDate "1989.??.??"]

1. e4 c5 2. f4 Nf6 3. Nc3 d5 4. exd5 Nxd5 5. Qf3 Nb4 6. Bb5+ Bd7 7. Qxb7 N8c6
8. Nd5 Nxc2+ 9. Kd1 Rc8 10. Nf3 Nxa1 11. Re1 e6 12. Ng5 Be7 13. Nxe7 Qxe7 14.
Bxc6 Rxc6 15. b3 O-O 16. Bb2 f6 17. Ne4 Nxb3 18. axb3 Rb6 19. Qxa7 Rxb3 20. Qa2
c4 21. Bc3 Bc6 22. Ng3 Ra8 23. Qc2 Bxg2 24. Re3 Qb7 25. Ke2 Rb1 26. Kf2 Bh3 27.
Qe4 Qxe4 28. Nxe4 Bf5 29. Nd6 Ra4 30. Nxf5 exf5 31. Re7 Rb5 32. Rc7 Rd5 33. Kg3
Rd3+ 34. Kg2 Rd5 35. Kg3 Rd6 36. Kh4 Rd3 37. Rc5 Rf3 38. Rxf5 Ra3 39. Kg4 Raxc3
40. dxc3 Rxc3 41. Rc5 h6 42. f5 Rc1 43. Kf3 c3 44. Ke4 c2 45. Kd3 Rf1 46. Kxc2
Rf2+ 47. Kd3 Rxh2 48. Ke4 Rh5 49. Rc8+ Kh7 50. Kf4 Rg5 51. Rc3 h5 52. Rc8 Rg4+
53. Kf3 Kh6 54. Rc7 Rg1 55. Kf4 Rf1+ 56. Ke4 h4 57. Rc8 h3 58. Rh8+ Kg5 59. Rh7
Rf4+ 60. Ke3 Rh4 61. Rxg7+ Kxf5 62. Rg1 h2 63. Rh1 Kg4 64. Kf2 f5 65. Kg2 f4
66. Kf2 f3 0-1

[Event "BL 8889 Bamberg-Solingen"]
[Site "?"]
[Date "1989.??.??"]
[Round "?.7"]
[White "Dueball, J."]
[Black "Kestler, H."]
[Result "0-1"]
[WhiteElo "2445"]
[BlackElo "2370"]
[PlyCount "62"]
[EventDate "1989.??.??"]

1. e4 c5 2. Nf3 d6 3. d4 cxd4 4. Nxd4 Nf6 5. Nc3 Nc6 6. Bg5 e6 7. Qd2 Be7 8.
O-O-O O-O 9. Nb3 Qb6 10. f3 Rd8 11. Kb1 a6 12. h4 Qc7 13. g4 b5 14. Bxf6 Bxf6
15. g5 Be7 16. f4 b4 17. Ne2 a5 18. h5 a4 19. Nbd4 Nxd4 20. Nxd4 b3 21. axb3
axb3 22. Nxb3 Qa7 23. c4 Bd7 24. Rh3 Rdb8 25. Rc3 Qa2+ 26. Kc2 Ba4 27. Qe3 d5
28. cxd5 Rxb3 29. Rxb3 Bxb3+ 30. Qxb3 Rc8+ 31. Qc3 Qa4+ 0-1

[Event "BL 8889 Nürnberg-Bielefeld"]
[Site "?"]
[Date "1989.??.??"]
[Round "?.1"]
[White "Keitlinghaus, L."]
[Black "Jansa, V."]
[Result "1/2-1/2"]
[WhiteElo "2410"]
[BlackElo "2470"]
[PlyCount "33"]
[EventDate "1989.??.??"]

1. Nf3 g6 2. e4 Bg7 3. d4 d6 4. c4 Bg4 5. Be2 Nc6 6. Nbd2 Nf6 7. d5 Nb8 8. e5
dxe5 9. Nxe5 Bxe2 10. Qxe2 Nbd7 11. Ndf3 Nxe5 12. Nxe5 O-O 13. O-O Qc8 14. Nf3
Re8 15. Bf4 e6 16. dxe6 Qxe6 17. Qxe6 1/2-1/2